Research Methodology and Consultancy Techniques. (Record no. 6731)

MARC details
005 - DATE AND TIME OF LATEST TRANSACTION
control field 20250716101226.0
020 ## - INTERNATIONAL STANDARD BOOK NUMBER
International Standard Book Number 978-9987-9539-3-6
082 ## - DEWEY DECIMAL CLASSIFICATION NUMBER
Classification number 001.43 MLO
100 ## - MAIN ENTRY--PERSONAL NAME
Author name MLOWE,L.K.
245 ## - TITLE STATEMENT
Title Research Methodology and Consultancy Techniques.
260 ## - PUBLICATION, DISTRIBUTION, ETC.
Place of publication, distribution, etc. Dar es salaam,
Name of publisher, distributor, etc. National Board of Accountants and Auditors,
Date of publication, distribution, etc. 2012.
300 ## - PHYSICAL DESCRIPTION
Extent xv,268p.:ill.figures, tables, pictures
Other physical details Bibliography
Dimensions 23cm
700 ## - ADDED ENTRY--PERSONAL NAME
Other authors/Editors Diyamett,M.L.
942 ## - ADDED ENTRY ELEMENTS (KOHA)
Source of classification or shelving scheme Dewey Decimal Classification
Koha item type Books

No items available.